| Tag |
First Indicator |
Second Indicator |
Subfields |
| LEADER |
00000nam a2200000 i 4500 |
| 001 |
in00005777321 |
| 005 |
20260331165642.8 |
| 008 |
260331s2015 vau 000 0 eng d |
| 040 |
|
|
|a TXA
|b eng
|e rda
|c TXA
|
| 020 |
|
|
|a 9781515402503
|
| 020 |
|
|
|a 1515402509
|
| 035 |
|
|
|a (OCoLC)1582335996
|
| 050 |
|
4 |
|a PN3435
|b .C63 2015
|
| 100 |
1 |
|
|a Cohen, Douglas,
|d 1977-
|e author.
|1 https://id.oclc.org/worldcat/entity/E39PCjrGrrdpcWHqmHQxwJ4xym
|
| 245 |
1 |
0 |
|a Realms of fantasy, a retrospective /
|c Douglas Cohen.
|
| 250 |
|
|
|a First Positronic Publishing edition.
|
| 264 |
|
1 |
|a Floyd, VA :
|b Positronic Publishing,
|c [2015]
|
| 300 |
|
|
|a 429 pages :
|b color illustrations ;
|c 23 cm
|
| 336 |
|
|
|a text
|b txt
|2 rdacontent
|
| 337 |
|
|
|a unmediated
|b n
|2 rdamedia
|
| 338 |
|
|
|a volume
|b nc
|2 rdacarrier
|
| 520 |
|
|
|a In 1994, Realms of Fantasy burst upon the short fiction scene and quickly established itself as one of the premiere publishers of fantastical literature. During its seventeen year run, the magazine published over a hundred issues and 600 stories, garnering numerous nominations and awards, and earned itself a reputation for publishing quality fiction by both established pros and upcoming talents. In 2007, Douglas Cohen began a retrospective series on his personal blog while working on the magazine's editorial staff, reading and blogging about each issue of this prestigious magazine, offering his detailed thoughts and insights. Now for the first time, this comprehensive retrospective series has been collected into book form, discussing every last issue of one of the most important speculative magazines to come along in the last twenty years. Fans of Realms of Fantasy will rejoice at revisiting these stories through the eyes of one the magazine's editors. Lovers of fantasy literature and its history will appreciate the journey through the magazine's pages, and writers of fantasy fiction will relish the opportunity to explore the pages of this important magazine in such intimate fashion.
|c Publisher.
|
| 630 |
0 |
0 |
|a Realms of fantasy (Herndon, Va.)
|
| 650 |
|
0 |
|a Fantasy fiction
|x Periodicals.
|
| 650 |
|
0 |
|a Fantasy fiction
|x History and criticism
|y 20th century.
|
| 730 |
0 |
|
|a Realms of fantasy (Herndon, Va.)
|
| 994 |
|
|
|a Z0
|b TXA
|
| 948 |
|
|
|h HELD BY TXA - 0 OTHER HOLDINGS
|
| 999 |
f |
f |
|i b52cd82e-6626-4fae-8c59-9ab19882243d
|s 5c2b9efa-0c4b-4cbd-8d0a-16b15447de4b
|t 0
|
| 952 |
f |
f |
|p noncirc
|a Texas A&M University
|b College Station
|c Cushing Memorial Library & Archives
|s cush scif
|d Cushing: Science Fiction (Does not check out)
|t 0
|e PN3435 .C63 2015
|h Library of Congress classification
|i unmediated -- volume
|m A14853512523
|
| 998 |
f |
f |
|a PN3435 .C63 2015
|t 0
|l Cushing: Science Fiction (Does not check out)
|